Statistics for 日本の内閣総理大臣

Click here to take the quiz!

General Stats

  • This quiz has been taken 1,536 times
  • The average score is 65 of 101

Answer Stats

在職開始日在職終了日% Correct
1代目1885.12.221888.4.30伊藤博文
98%
10代目1900.10.191901.6.2伊藤博文
98%
5代目1892.8.81896.9.18伊藤博文
98%
7代目1898.1.121898.6.30伊藤博文
98%
98代目2017.11.12020.9.16安倍晋三
96%
97代目2014.12.242017.11.1安倍晋三
96%
96代目2012.12.262014.12.24安倍晋三
96%
90代目2006.9.262007.9.26安倍晋三
96%
100代目2021.10.42021.11.10岸田文雄
91%
101代目2021.11.10在職中岸田文雄
91%
99代目2020.9.162021.10.4菅義偉
89%
88代目2003.11.192005.9.21小泉純一郎
85%
92代目2008.9.242009.9.16麻生太郎
85%
87代目2001.4.262003.11.19小泉純一郎
85%
94代目2010.6.82011.9.2菅直人
85%
89代目2005.9.212006.9.26小泉純一郎
85%
93代目2009.9.162010.6.8鳩山由紀夫
83%
48代目1948.10.151949.2.16吉田茂
82%
49代目1949.2.161952.10.30吉田茂
82%
50代目1952.10.301953.5.21吉田茂
82%
51代目1953.5.211954.12.10吉田茂
82%
45代目1946.5.221947.5.24吉田茂
82%
65代目1972.12.221974.12.9田中角栄
80%
64代目1972.7.71972.12.22田中角栄
80%
40代目1941.10.181944.7.22東條英機
76%
12代目1906.1.71908.7.14西園寺公望
76%
14代目1911.8.301912.12.21西園寺公望
76%
19代目1918.9.291921.11.4原敬
75%
17代目1914.4.161916.10.9大隈重信
75%
95代目2011.9.22012.12.26野田佳彦
75%
8代目1898.6.301898.11.8大隈重信
75%
63代目1970.1.141972.7.7佐藤栄作
74%
62代目1967.2.171970.1.14佐藤栄作
74%
61代目1964.11.91967.2.17佐藤栄作
74%
11代目1901.6.21906.1.7桂太郎
72%
15代目1912.12.211913.2.20桂太郎
72%
13代目1908.7.141911.8.30桂太郎
72%
2代目1888.4.301889.12.24黒田清隆
71%
56代目1957.2.251958.6.12岸信介
68%
34代目1937.6.41939.1.5近衛文麿
68%
9代目1898.11.81900.10.19山縣有朋
68%
91代目2007.9.262008.9.24福田康夫
68%
57代目1958.6.121960.7.19岸信介
68%
29代目1931.12.131932.5.15犬養毅
68%
3代目1889.12.241891.5.6山縣有朋
68%
39代目1941.7.181941.10.18近衛文麿
68%
38代目1940.7.221941.7.18近衛文麿
68%
60代目1963.12.91964.11.9池田勇人
67%
52代目1954.12.101955.3.19鳩山一郎
67%
53代目1955.3.191955.11.22鳩山一郎
67%
54代目1955.11.221956.12.23鳩山一郎
67%
59代目1960.12.81963.12.9池田勇人
67%
58代目1960.7.191960.12.8池田勇人
67%
71代目1982.11.271983.12.27中曽根康弘
66%
72代目1983.12.271986.7.22中曽根康弘
66%
73代目1986.7.221987.11.6中曽根康弘
66%
86代目2000.7.42001.4.26森喜朗
66%
85代目2000.4.52000.7.4森喜朗
66%
67代目1976.12.241978.12.7福田赳夫
65%
84代目1998.7.302000.4.5小渕恵三
65%
81代目1994.6.301996.1.11村山富市
62%
43代目1945.8.171945.10.9東久邇宮稔彦王
60%
74代目1987.11.61989.6.3竹下登
60%
20代目1921.11.131922.6.12高橋是清
58%
82代目1996.1.111996.11.7橋本龍太郎
57%
83代目1996.11.71998.7.30橋本龍太郎
57%
76代目1989.8.101990.2.28海部俊樹
57%
79代目1993.8.91994.4.28細川護熙
57%
77代目1990.2.281991.11.5海部俊樹
57%
6代目1896.9.181898.1.12松方正義
55%
4代目1891.5.61892.8.8松方正義
55%
42代目1945.4.71945.8.17鈴木貫太郎
55%
66代目1974.12.91976.12.24三木武夫
54%
80代目1994.4.281994.6.30羽田孜
53%
69代目1979.11.91980.6.12大平正芳
51%
68代目1978.12.71979.11.9大平正芳
51%
44代目1945.10.91946.5.22幣原喜重郎
50%
55代目1956.12.231957.2.25石橋湛山
48%
27代目1929.7.21931.4.14浜口雄幸
47%
24代目1924.6.111926.1.28加藤高明
47%
78代目1991.11.51993.8.9宮澤喜一
45%
22代目1923.9.21924.1.7山本権兵衛
44%
47代目1948.3.101948.10.15芦田均
44%
16代目1913.2.201914.4.16山本権兵衛
44%
70代目1980.7.171982.11.27鈴木善幸
43%
75代目1989.6.31989.8.10宇野宗佑
43%
41代目1944.7.221945.4.7小磯國昭
42%
33代目1937.2.21937.6.4林銑十郎
42%
18代目1916.10.91918.9.29寺内正毅
41%
46代目1947.5.241948.3.10片山哲
41%
28代目1931.4.141931.12.13若槻礼次郎
38%
26代目1927.4.201929.7.2田中義一
38%
25代目1926.1.301927.4.20若槻礼次郎
38%
23代目1924.1.71924.6.11清浦奎吾
37%
21代目1922.6.121923.8.25加藤友三郎
37%
31代目1934.7.81936.3.9岡田啓介
36%
30代目1932.5.261934.7.8斎藤実
35%
32代目1936.3.91937.2.2広田弘毅
34%
35代目1939.1.51939.8.30平沼騏一郎
34%
36代目1939.8.301940.1.16阿部信行
29%
37代目1940.1.161940.7.22米内光正
26%

Score Distribution

Percentile by Number Answered

Percent of People with Each Score

Your Score History

You have not taken this quiz